Eka pyāsa pahelī : (Record no. 71472)
[ view plain ]
| 000 -LEADER | |
|---|---|
| fixed length control field | 00600nam a2200205 i 4500 |
| 001 - CONTROL NUMBER | |
| control field | sa 66007885 |
| 003 - CONTROL NUMBER IDENTIFIER | |
| control field | DLC |
| 005 - DATE AND TIME OF LATEST TRANSACTION | |
| control field | 20260227112308.0 |
| 008 - FIXED-LENGTH DATA ELEMENTS--GENERAL INFORMATION | |
| fixed length control field | 811026s1966 ii 00011 hin |
| 010 ## - LIBRARY OF CONGRESS CONTROL NUMBER | |
| LC control number | sa 66007885 //r81 |
| 025 ## - OVERSEAS ACQUISITION NUMBER | |
| Overseas acquisition number | PL480:I-H-3411 |
| 050 0# - LIBRARY OF CONGRESS CALL NUMBER | |
| Classification number | PK2098.A88 |
| Item number | E45 |
| 100 10 - MAIN ENTRY--PERSONAL NAME | |
| Personal name | Avasthi, Rajendra, |
| Dates associated with a name | 1929- |
| 245 10 - TITLE STATEMENT | |
| Title | Eka pyāsa pahelī : |
| Remainder of title | 25 kahāniyām̐ / |
| Statement of responsibility, etc. | Rājendra Avasthī. |
| 250 ## - EDITION STATEMENT | |
| Edition statement | [1. saṃskaraṇa]. |
| 260 0# - PUBLICATION, DISTRIBUTION, ETC. | |
| Place of publication, distribution, etc. | Vārāṇasī : |
| Name of publisher, distributor, etc. | Hindī Pracāraka Pustakālaya, |
| Date of publication, distribution, etc. | [19]66. |
| 300 ## - PHYSICAL DESCRIPTION | |
| Extent | 29, 260 p. ; |
| Dimensions | 19 cm. |
| 500 ## - GENERAL NOTE | |
| General note | In Hindi. |
| 500 ## - GENERAL NOTE | |
| General note | Short stories. |
No items available.